000 00282nam a22001337a 4500
008 170719b xxu||||| |||| 00| 0 eng d
020 _a8260270
041 _aeng
080 _a2
100 _a24
101 _aTEO
245 _aTHE GOOD NEWS ABOUT SIN
_cDEAN, E
942 _2udc
_cBK
999 _c21595
_d21595